Which country has Spain most similarty on dna - Statistics

General Stats
  • This quiz has been taken 57 times
  • The average score is 13 of 20
Answer Stats
Rank Country % Correct
2 France
98%
1 Portugal
98%
3 Italy
96%
4 Morocco
86%
7 Greece
82%
13 Turkey
80%
5 Algeria
76%
6 Tunisia
76%
12 Egypt
71%
11 Libya
63%
15 Israel
59%
8 Lebanon
59%
9 Syria
57%
14 Jordan
55%
10 Malta
51%
19 Saudi Arabia
45%
18 Azerbaijan
39%
20 Yemen
37%
17 Armenia
35%
16 Georgia
35%
No matching quizzes found
Score Distribution
Percent of People with Each Score
Percentile by Number Answered
Your Score History
You have not taken this quiz